Statistics for Countries Least Similar To Tunisia

Click here to take the quiz!

General Stats

  • This quiz has been taken 27 times
  • The average score is 7 of 20

Answer Stats

RankCountryScore% Correct
12United States49.0
89%
6Canada47.6
74%
1Japan45.2
70%
16South Korea49.9
59%
15Australia49.8
56%
2New Zealand45.6
44%
17North Korea50.1
41%
10Iceland48.9
37%
17Norway50.1
33%
4Singapore47.4
30%
12Taiwan49.0
26%
7Bhutan47.9
22%
20Laos50.3
19%
3Papua New Guinea46.1
19%
9Cambodia48.8
15%
14East Timor49.6
15%
8Samoa48.5
15%
5Solomon Islands47.5
11%
19Switzerland50.2
11%
10Bahamas48.9
0%

Score Distribution

Percentile by Number Answered

Percent of People with Each Score

Your Score History

You have not taken this quiz